| 000 | 00796nam a2200253Ia 4500 | ||
|---|---|---|---|
| 999 |
_c56476 _d56476 |
||
| 001 | 23589 | ||
| 003 | GE_BSU | ||
| 005 | 20221122164145.0 | ||
| 008 | 181216s2016||||en |||||||||||||| ||eng|| | ||
| 020 | _a9781119243304x | ||
| 040 | _cGE_BSU | ||
| 041 | _aeng | ||
| 080 | _a72 W-72 | ||
| 100 |
_aWing, Eric _94560 |
||
| 245 |
_aAutodesk Revit 2017 for Architecture: No Experience Required / _cEric Wing ; Executive edito : Jody Lefevere |
||
| 260 | _aIndiana | ||
| 264 |
_aIndiana : _bSybex, _c2016. |
||
| 300 |
_a694 p. : _bill ; _c24 cm. |
||
| 653 | _aAutodesk Revit 2017 for Architecture: No Experience Required | ||
| 653 | _aАрхитектура | ||
| 653 | _aარქიტექტურა. | ||
| 700 |
_a Lefevere, Jody _eრედაქტორი _94561 |
||
| 942 |
_cBK _2udc |
||